000 00706nam a22002417a 4500
003 UA-OsUOA
001 44742
007 ta
008 20070312b un ||||| |||| 00| 0 ukr d
090 _a336 (075.8)
_bЕ 40
942 _cBK
040 _aUA-OsUOA
_bukr
_cUA-OsUOA
_dUA-OsUOA
245 _aЕкономічний аналіз
_bНавчльний посібник
_cЗа ред. М. Г. Чумаченка
300 _a556 с.
955 _a2
041 _aukr
080 _a336 (075.8)
020 _a966-574-416-Х
260 _aК.
_bКНЕУ
_c2003
250 _nВидання друге, перероблене і доповнене
650 7 _a336 Фінанси
_2UDC
999 _c330862
_d330862